Constitucion de la republica de El Salvador/ (Registro nro. 8143)
[ vista simple ]
| 000 -LEADER | |
|---|---|
| fixed length control field | 01739nam a2200181Ia 4500 |
| 005 - FECHA Y HORA DE LA ÚLTIMA TRANSACCIÓN | |
| control field | 20230516110838.0 |
| 008 - FIXED-LENGTH DATA ELEMENTS--GENERAL INFORMATION | |
| fixed length control field | 230508s9999 xx 000 0 und d |
| 040 ## - CATALOGING SOURCE | |
| Original cataloging agency | UPAN |
| Transcribing agency | Biblioteca San Vicente |
| Description conventions | RCAA2 |
| 041 ## - LANGUAGE CODE | |
| Language code of text/sound track or separate title | spa |
| 082 ## - DEWEY DECIMAL CLASSIFICATION NUMBER | |
| Classification number | 342.728 4 |
| Item number | I578c |
| 110 ## - MAIN ENTRY--CORPORATE NAME | |
| Corporate name or jurisdiction name as entry element | Instituto de estudios Juridicos de el salvador |
| 245 #0 - TITLE STATEMENT | |
| Title | Constitucion de la republica de El Salvador/ |
| Remainder of title | Instituto de estudios Juridicos de el salvador |
| 260 ## - PUBLICATION, DISTRIBUTION, ETC. (IMPRINT) | |
| Place of publication, distribution, etc | El Salvador: |
| Name of publisher, distributor, etc | Guayampopo, |
| Date of publication, distribution, etc | 1993 |
| 300 ## - PHYSICAL DESCRIPTION | |
| Extent | 154 p.: |
| Dimensions | 21 cm. |
| 505 ## - FORMATTED CONTENTS NOTE | |
| Formatted contents note | Titulo I. Capitulo unico. La persona humana y los fines del Estado<br/>Titulo II. Los Derechos y garantias fundamentales de la persona<br/>Capitulo I. Derechos individuales y su regimen de excepciòn<br/>Capitulo II. Derechos sociales<br/>Capitulo III. Los ciudadanos, sus derechos y deberes politicos y el cuerpo electoral<br/>Titulo III. El Estado su forma de Gobierno y sistema politico<br/>Titulo IV. La nacionalidad<br/>Titulo V. Orden economico<br/>Titulo VI. Organos del Gobierno, atribuciones y competencias<br/>Capitulo I. Organo legislativo<br/>Capitulo II. Organo ejecutivo<br/>Capitulo III. Organo judicial<br/>Capitulo IV. Ministerio pùblico<br/>Capitulo V. Corte de Cuentas de la Republica<br/>Capitulo VI. Gobierno local<br/>Capitulo VII. Tribunal Supremo Electoral<br/>Capitulo VIII. Fuerza armada<br/>Titulo VII. Regimen administrativo<br/>Capitulo I. Servicio civil<br/>Capitulo II. Hacienda pùblica<br/>Titulo VIII. Responsabilidad de los funcionarios pùblicos<br/>Titulo IX. Alcances, aplicacion, reformas y derogatorias<br/>Titulo X. Disposiciones transitorias<br/>Titulo XI. Vigencia<br/>Anexos<br/>Texto de las disposiciones de la Constituciòn de 1983<br/>Texto de las disposiciones de la Constituciòn de 1983 |
| 650 ## - SUBJECT ADDED ENTRY--TOPICAL TERM | |
| Source of heading or term | LEMB |
| Topical term or geographic name as entry element | Constituciones de Estado |
| 942 ## - ADDED ENTRY ELEMENTS (KOHA) | |
| Koha item type | Libros |
| Source of classification or shelving scheme | Dewey Decimal Classification |
| Withdrawn status | Lost status | Source of classification or shelving scheme | Damaged status | Not for loan | Collection code | Home library | Current library | Date acquired | Total Checkouts | Full call number | Barcode | Date last seen | Price effective from | Koha item type |
|---|---|---|---|---|---|---|---|---|---|---|---|---|---|---|
| Dewey Decimal Classification | Colección General | Biblioteca UPAN San Vicente | Biblioteca UPAN San Vicente | 08/05/2023 | 342.728 4 I578c | 12000649 | 08/05/2023 | 08/05/2023 | Libros |